| Поле | Инд. | ПП | Название | Значение |
|---|---|---|---|---|
| Тип записи | a | |||
| Библиографический уровень | b | |||
| 001 | Контрольный номер | RU/IS/BASE/102274279 | ||
| 005 | Дата корректировки | 20200630193248.5 | ||
| 084 | a | Индекс другой классификации/Индекс ББК | 20.123(2Рос) | |
| a | Индекс другой классификации/Индекс ББК | 20.117(2Рос) | ||
| a | Индекс другой классификации/Индекс ББК | 37.23н6 | ||
| 100 | 10 | a | Автор | Артемов А. В. |
| 100 | 1_ | a | Автор | Котин В. В. |
| 100 | 1_ | a | Автор | Трихункова С. В. |
| 245 | 00 | a | Заглавие | Загрязненность воздуха рабочей зоны предприятий текстильной промышленности |
| 504 | 00 | a | Библиография | Библиогр.: с. 60 |
| 650 | a | Основная рубрика | легкая промышленность | |
| a | Основная рубрика | экология | ||
| 653 | 00 | a | Ключевые слова | загрязнение атмосферы |
| a | Ключевые слова | загрязнение рабочей зоны | ||
| a | Ключевые слова | загрязняющие вещества | ||
| a | Ключевые слова | охрана атмосферы | ||
| a | Ключевые слова | охрана окружающей среды | ||
| a | Ключевые слова | охрана труда | ||
| a | Ключевые слова | оценка токсичности | ||
| a | Ключевые слова | промышленная экология | ||
| a | Ключевые слова | промышленные предприятия | ||
| a | Ключевые слова | текстильная промышленность | ||
| 773 | 00 | t | Заглавие источника | Инженерная экология |
| d | Дата издания источника | 2001 | ||
| g | Прочая информация | № 1. - С. 50 - 60 : рис., табл. | ||
| w | Контрольный № источника | RU/IS/BASE/102273323 | ||
| 901 | t | Тип документа | b |